Trắc địa quy hoạch đường và đô thị
সংরক্ষণ করুন:
| প্রধান লেখক: | |
|---|---|
| বিন্যাস: | গ্রন্থ |
| ভাষা: | Vietnamese |
| প্রকাশিত: |
Hà Nội
2000
|
| ট্যাগগুলো: |
ট্যাগ যুক্ত করুন
কোনো ট্যাগ নেই, প্রথমজন হিসাবে ট্যাগ করুন!
|
| Thư viện lưu trữ: | Mạng thư viện Đại học Đà Nẵng |
|---|
| LEADER | 00623nam a2200253 4500 | ||
|---|---|---|---|
| 001 | 000021524 | ||
| 003 | 17972 | ||
| 005 | 20150422080410.0 | ||
| 008 | 150422s2000 viesd | ||
| 020 | |c 34000 | ||
| 041 | 0 | |a vie | |
| 082 | 1 | 4 | |a 526,9 |b VU-T |
| 100 | 1 | |a Vũ Thặng | |
| 245 | 1 | 0 | |a Trắc địa quy hoạch đường và đô thị |c Vũ Thặng |
| 260 | |b Hà Nội |c 2000 | ||
| 300 | |a tr. |c cm. | ||
| OWN | |a LSP | ||
| 999 | |a From the UDN01 | ||
| TYP | |a Monograph | ||
| TYP | |a Printed language | ||
| 980 | |a Mạng thư viện Đại học Đà Nẵng | ||